000 00639nam a2200193Ia 4500
999 _c15795
_d15795
082 _aTA.0270
100 _aAnjum, Sayeed
245 0 _aInstitutional mechanism for urban environmental management in India: a case study of selected cities
260 _c2006
_bJawaharlal Nehru University, New Delhi
300 _a263
504 _aincludes appendices and bibliography
650 _aEnvironmental management
_vUrban India
650 _aUrban ecology
_vIndia
650 _aWater
_vSupply
_vIndia
650 _aWater quality management
_vIndia
650 _aMunicipal water supply
_vIndia
710 _aKidwai, Atiya H.
942 _cTH
_2ddc